书目信息 |
| 题名: |
希腊简史
|
|
| 作者: | 休特利 , 达比 , 伍德豪斯 , 克劳特 著 ;中国科学院世界历史研究所翻译小组 译 | |
| 分册: | ||
| 出版信息: | 北京 商务印书馆 1974.10 |
|
| 页数: | 347页 | |
| 开本: | 19cm | |
| 丛书名: | ||
| 单 册: | ||
| 中图分类: | K545.0 | |
| 科图分类: | ||
| 主题词: | 南欧--历史 | |
| 电子资源: | ||
| ISBN: | ||
| 000 | 00871nam0 2200265 45 | |
| 001 | 0212200902 | |
| 005 | 20031219104102.2 | |
| 010 | @dCNY1.05 | |
| 091 | @a11017.323 | |
| 100 | @a20021220d1974 km y0chiy0120 ea | |
| 101 | 0 | @aeng |
| 105 | @a z 000yy | |
| 200 | 1 | @a希腊简史@AXi La Jian Shi@e从古代到1964年@ECong Gu Dai Dao 1964 Nian@f(英)休特利等著@F(Ying)Xiu Te Li Deng Zhu@g中国科学院世界历史研究所翻译小组译 |
| 210 | @a北京@c商务印书馆@d1974.10 | |
| 215 | @a347页@d19cm | |
| 517 | @a从古代到1964年@ACong Gu Dai Dao 1964 Nian | |
| 606 | 0 | @a南欧@x历史 |
| 690 | @aK545.0@v3 | |
| 701 | 0 | @a休特利@4著 |
| 701 | 0 | @a达比@4著 |
| 701 | 0 | @a伍德豪斯@4著 |
| 701 | 0 | @a克劳特@4著 |
| 711 | 02 | @a中国科学院世界历史研究所翻译小组@AZhong Guo Ke Xue Yuan Shi Jie Li ShiYan Jiu Suo Fan Yi Xiao Zu@4译 |
| 801 | @aCN@bTSTC@c20021220 | |
| 905 | @f1@b219201@dK545.0@e5 | |
| 希腊简史:从古代到1964年/(英)休特利等著/中国科学院世界历史研究所翻译小组译.-北京:商务印书馆,1974.10 |
| 347页;19cm |
| ISBN :CNY1.05 |
| ● |
| 相关链接 |
|
|
|
|
正题名:希腊简史
索取号:K545.0/5
 
预约/预借
| 序号 | 登录号 | 条形码 | 馆藏地/架位号 | 状态 | 备注 |
| 1 | 0219201 | 001746463 | 第二样本阅览室/ [索取号:K545.0/5] | 在馆 |